00299 2200133 4500001002100000005001500021035002000036245003500056100002000091300001200111260002200123082000800145990001200153INLIS00000000000209420250527100059 a0010-05250003861 aDemam Seleb /cEdi Ah. Iyubenu0 aEdi Ah. Iyubenu a140 hlm bDiva Press,c2004 a813 a0712681